Islands by Largest City #4 - Statistics

General Stats
  • This quiz has been taken 22 times
  • The average score is 8 of 20
Answer Stats
Hint Answer % Correct
Valletta Malta
100%
Bridgetown Barbados
77%
Willemstad Curaçao
68%
Funchal Madeira
68%
Nouméa New Caledonia
64%
Basseterre Saint Kitts / Guadeloupe (Basse-Terre)
59%
Fort-de-France Martinique
55%
Hagåtña Guam
36%
Mamoudzou Mayotte
36%
Moroni Grande Comore
32%
Puerto Princesa Palawan
32%
Malabo Bioko
27%
Port Blair South Andaman Island
27%
Chalcis Euboea
18%
Mataram Lombok
14%
Nassau New Providence
14%
George Town Penang / Grand Cayman
14%
Praia Santiago
14%
Tacloban Leyte
9%
Castro Chiloé
0%
No matching quizzes found
Score Distribution
Percent of People with Each Score
Percentile by Number Answered
Your Score History
You have not taken this quiz